Statistics for Guess The Footballer From Career Transfers #7

Click here to take the quiz!

General Stats

  • This quiz has been taken 40 times
  • The average score is 6 of 20

Answer Stats

Career Transfers in OrderPlayer% Correct
Anderlecht - Rennes - Man CityJeremy Doku
79%
Dynamo Kyiv - AC Milan - Chelsea - Dynamo KyivAndriy Shevchenko
65%
Schalke - Werder Bremen - Real Madrid - Arsenal - Fenerbahce - Istanbul BasaksehirMesut Ozil
62%
Red Star Belgrade - Spartak Moscow - Man Utd - InterNemanja Vidic
50%
Hrvatski Dragovoljac - Lokomotiva - Dinamo Zagreb - Inter - Al-NassrMarcelo Brozovic
47%
Kaiserslautern - Eintracht Frankfurt - PSG - Eintracht FrankfurtKevin Trapp
41%
Werder Bremen - Nurnberg - Hannover - Werder Bremen - Borussia DortmundNiclas Fullkrug
41%
Exeter - Brentford - Aston VillaOllie Watkins
32%
Greenwich Borough - Crystal Palace - Arsenal - West Ham - Celtic - BurnleyIan Wright
29%
Chelmsley Town - Walsall - Watford - Birmingham - Forest GreenTroy Deeney
26%
Man Utd - West Brom - StokeDarren Fletcher
24%
Stuttgart - Schalke - Dynamo Moscow - HoffenheimKevin Kuranyi
24%
Slavia Prague - Lens - Liverpool - Bordeaux - Slavia PragueVladimir Smicer
21%
St Etienne - Monaco - Bayern MunichWilly Sagnol
18%
Man Utd - Cardiff - Novara - Panathinaikos - AnkaragucuFederico Macheda
12%
Man Utd - Barcelona - Man Utd - Chelsea - Southampton - Everton - BlackburnMark Hughes
12%
Rennes - AC Milan - Bordeaux - Lyon - Rennes - DijonYoann Gourcuff
9%
Rennes - Lyon - Napoli - SunderlandAnthony Reveillere
3%
Coventry - Liverpool - Wigan - Sheffield Wednesday - Preston - BuryChris Kirkland
3%
Las Palmas - Mallorca - Atletico Madrid - Deportivo - Las Palmas - AbrisajacJuan Carlos Valeron
3%

Score Distribution

Percentile by Number Answered

Percent of People with Each Score

Your Score History

You have not taken this quiz